000 00577nam a2200205Ia 4500
005 20250923144852.0
008 008 250917s9999 xx 000 0 eng d
037 _aTextual
040 _aDSWL
_beng
_cDSWL
041 _aeng
_2eng
084 _aY1:411.726T, K3
_qDSWL
100 _aJones, Haward
_9829248
245 0 _aAlcoholic addiction
_cby Haward Jones
260 _aTavistock
_bTavistock Publications
_c1963
300 _ax,209p.
365 _aINR
_b30
925 _g30
942 _cTEXL
_hY1:411.726T, K3
999 _c1444371
_d1444371